Statistics for 30 Numbers in 30 Seconds

Click here to take the quiz!

General Stats

  • This quiz has been taken 57 times
  • The average score is 29 of 30

Answer Stats

Number% Correct
1
100%
2
100%
3
100%
8
100%
9
100%
4
98%
5
98%
6
98%
7
98%
10
95%
12
95%
13
95%
14
95%
15
95%
16
95%
17
95%
18
95%
19
95%
20
95%
21
95%
22
95%
23
95%
24
95%
25
95%
26
95%
27
95%
28
95%
29
95%
30
95%
11
93%

Score Distribution

Percentile by Number Answered

Percent of People with Each Score

Your Score History

You have not taken this quiz